On the limits of poetry : selected essays: 1928-1948.

Bibliographic Details
Main Author: Tate, Allen, 1899-1979
Format: Book
Language:English
Published: New York : Swallow Press, 1948.
Subjects:

MARC

Tag First Indicator Second Indicator Subfields
LEADER 00000cam a2200000 4500
001 in00000031480
005 20151007061708.0
008 750131s1948 nyu 00000 eng u
010 |a  48008822  
035 |a (OCoLC)01158503 
035 |9 AAD2797AM 
040 |c WTU  |d TXA  |d UtOrBLW 
049 |a TXAM  |c 1 [A01196974], 2 [A11187359] 
050 0 |a PN1031  |b .T3 
082 0 |a 808.1 
100 1 |a Tate, Allen,  |d 1899-1979. 
245 1 0 |a On the limits of poetry :  |b selected essays: 1928-1948. 
264 1 |a New York :  |b Swallow Press,  |c 1948. 
300 |a xviii, 379 pages ;  |c 22 cm. 
336 |a text  |b txt  |2 rdacontent 
337 |a unmediated  |b n  |2 rdamedia 
338 |a volume  |b nc  |2 rdacarrier 
500 |a Selected from the author's previously pub. works: The hovering fly, Reactionary essays on poetry and ideas, and Reason in madness. 
650 0 |a Poetry. 
999 |a MARS 
999 f f |s ef2e6095-bda4-3f86-969c-bb830948172e  |i da417299-5d59-310b-a60a-35b27ede8234  |t 0 
952 f f |p ric  |a Texas A&M University  |b Rellis Campus  |c Joint Library Facility  |s JLF  |d Remote Storage  |t 0  |e PN1031 .T3  |h Library of Congress classification  |i unmediated -- volume  |m A14811187359 
998 f f |a PN1031 .T3  |t 0  |l Remote Storage